000 00245 a2200097 4500
001 59595
090 _c36464
_d36464
100 _asullivan michael
245 _aFinite mathematics an applied approach
260 _aAmerica
_bJohn wiley&Sons
_c2008
942 _aNUST-CAE
_k519.21 SUL
999 _c294668
_d294668